000 00323nam a2200133 i 4500
001 bg
100 1 _aKOWALCZYK, Zdzisław
245 0 _aMetody matematyczne w ekonomice /
_cZdzisław Kowalczyk.
260 _aGdańsk,
_c1978.
040 _cBPK
041 _apol
942 _cKS
008 s pl f |000 0 pol
999 _c17914
_d17914
856 _uhttp://koha.tu.koszalin.pl/cgi-bin/koha/opac-detail.pl?biblionumber=17914
_yKatalog online BPK